[Event "Club Championship 2022 B"]
[Site "Wellington Chess Club"]
[Date "2022.10.20"]
[Round "4.2"]
[White "Jackson, Ross"]
[Black "Chen, Wei Kai"]
[Result "1-0"]
[WhiteElo "1904"]
[BlackElo "1966"]

1. d4 Nf6 2. c4 g6 3. Nc3 Bg7 4. e4 d6 5. g3 O-O 6. Bg2 e5 7. d5 Nh5 8. h3 Qe8
9. Bf3 Nf6 10. Nge2 Na6 11. Be3 h5 12. Qd2 Nh7 13. O-O-O f5 14. Bg2 h4 15. exf5
hxg3 16. fxg6 Qxg6 17. Nxg3 Nf6 18. Rhg1 Qh7 19. Nge4 Kh8 20. Nxf6 Rxf6 21. Ne4
Rg6 22. Ng5 Qh4 23. Bf3 Qxc4+ 24. Qc3 Qxc3+ 25. bxc3 Bf5 26. Bh5 Rf6 27. Nf7+
Kh7 28. Bg5 Rg6 29. Bxg6+ Bxg6 30. Nd8 Nc5 31. Ne6 Nd3+ 32. Kd2 Nxf2 33. Rdf1
Nxh3 (33... Ne4+ 34. Ke1 Nxc3 35. Bd2 Nxd5 36. Rf7) 34. Rh1 1-0

[Event "Club Championship 2022 B"]
[Site "Wellington Chess Club"]
[Date "2022.10.20"]
[Round "4.3"]
[White "Rossiter, Philip"]
[Black "Benitez, Edgar"]
[Result "0-1"]
[WhiteElo "1839"]
[BlackElo "1952"]

1. c4 e6 2. g3 f5 3. Bg2 Nf6 4. Nc3 c6 5. Nf3 d5 6. cxd5 exd5 7. d4 Bd6 8. O-O
O-O 9. Bg5 Qc7 10. Qc1 h6 11. Bf4 Nbd7 12. Bxd6 Qxd6 13. Qc2 Ne4 14. e3 Ndf6
15. Ne5 Be6 16. f3 Nxc3 17. bxc3 Nd7 18. f4 b5 19. a4 a6 20. Qb2 Rfb8 21. a5
Rc8 22. Qb4 c5 23. Qa3 Ra7 24. Rfd1 Rac7 25. Rac1 Nf6 26. Bf3 Qd8 27. Kg2 g5
28. Nd3 g4 29. Be2 Ne4 30. Ne5 cxd4 31. cxd4 Rc3 32. Qb2 Qxa5 33. Bd3 Rxc1 34.
Rxc1 Rxc1 35. Qxc1 Qc3 36. Qxc3 Nxc3 37. Nc6 Kg7 38. Kf2 Kf6 39. Ke1 Bd7 40.
Ne5 Be8 41. Kd2 Na4 42. Bc2 Nb6 43. Nd3 a5 0-1

[Event "Club Championship 2022 B"]
[Site "Wellington Chess Club"]
[Date "2022.10.20"]
[Round "4.4"]
[White "Aldridge, Alan"]
[Black "Malcolm, Leo"]
[Result "1/2-1/2"]
[WhiteElo "1806"]
[BlackElo "1871"]

1. d4 d5 2. c4 e5 3. e3 Nc6 4. cxd5 Qxd5 5. Nc3 Bb4 6. a3 Bxc3+ 7. bxc3 exd4 8.
exd4 Bf5 9. Nf3 Nf6 10. Bd3 Bg4 11. Qe2+ Kd7 12. Bc4 Bxf3 13. Bxd5 Bxe2 14.
Bxc6+ Kxc6 15. Kxe2 Rhe8+ 16. Kd3 Rad8 17. Be3 b6 18. Rhe1 Ng4 19. h3 Ne5+ 20.
Kc2 Nc4 21. a4 Rd7 22. Bg5 Rxe1 23. Rxe1 f6 24. Bf4 Kd5 1/2-1/2

[Event "Club Championship 2022 B"]
[Site "Wellington Chess Club"]
[Date "2022.10.20"]
[Round "4.5"]
[White "Young, Cohen"]
[Black "Ackroyd, William"]
[Result "1-0"]
[WhiteElo "1931"]
[BlackElo "1866"]

1. d4 Nf6 2. c4 Nc6 3. Nf3 d6 4. Nc3 e5 5. d5 Ne7 6. e4 Ng6 7. h3 a5 8. Be3 b6
9. Qd2 Be7 10. Bd3 Nh5 11. g3 Bd7 12. Qd1 Qc8 13. Ng1 Nf6 14. Bc2 Qa6 15. Nb5
O-O-O 16. Qd3 c6 17. Nc3 cxd5 18. exd5 Kb7 19. Na4 Bxa4 20. Bxa4 Ka7 21. Bb5
Qc8 22. a3 Qb7 23. b4 Kb8 24. bxa5 bxa5 25. Bc6 Qa6 26. Rb1+ Kc7 27. Bb6+ 1-0

[Event "Club Championship 2022 Swiss"]
[Site "Wellington Chess Club"]
[Date "2022.10.20"]
[Round "4.1"]
[White "Ashe, Michael"]
[Black "Sole, Michael"]
[Result "1/2-1/2"]
[WhiteElo "1680"]
[BlackElo "2149"]

1. d4 Nf6 2. c4 e6 3. Nc3 Bb4 4. f3 c5 5. d5 b5 6. e4 O-O 7. Nh3 bxc4 8. Bxc4
exd5 9. Bxd5 Nxd5 10. Qxd5 Ba6 11. Bf4 Nc6 12. Kf2 Ba5 13. Rhd1 Nb4 14. Qd6 Bb6
15. Na4 Nd3+ 16. Rxd3 Bxd3 17. Nxb6 Qxb6 18. b3 c4+ 19. Kg3 Qxd6 20. Bxd6 Rfc8
21. Nf4 Rc6 22. e5 Bc2 23. b4 Ba4 24. Nd5 Kh8 25. Rc1 Bb5 26. Nc3 Rb6 27. Nxb5
Rxb5 28. Rxc4 Rb7 29. a4 a6 30. Kf4 Kg8 31. Ke4 f6 32. exf6 gxf6 33. Kd5 Kf7
34. Re4 Rc8 35. Re7+ Kg6 36. Re4 Rc2 37. Rg4+ Kf7 38. Rh4 Kg6 39. Rg4+ Kf7 40.
Rh4 Rd2+ 41. Kc5 Rxg2 42. Rxh7+ Kg6 43. Rh4 Ra2 44. b5 axb5 45. axb5 Rd2 46.
Rb4 Rd3 47. f4 Kf5 48. b6 Ra3 49. Bc7 Rc3+ 50. Kd6 Rd3+ 51. Kc5 Rd2 52. Kb5 Ra2
53. Kc5 Rxh2 54. Kd6 Rd2+ 55. Ke7 Rd5 56. Kd8 Rc5 57. Kxd7 Rcxc7+ 58. bxc7 Rxb4
1/2-1/2

[Event "Club Championship 2022 Swiss"]
[Site "Wellington Chess Club"]
[Date "2022.10.20"]
[Round "4.2"]
[White "Hampshire, Thomas"]
[Black "Henrys, Francis"]
[Result "0-1"]
[WhiteElo "1500"]
[BlackElo "1500"]

1. e4 e5 2. Nf3 Nc6 3. Bc4 Bc5 4. c3 d6 5. h3 Nf6 6. d3 a6 7. a4 Be6 8. Bxe6
fxe6 9. O-O d5 10. Nxe5 Nxe5 11. d4 Nxe4 12. dxc5 O-O 13. Nd2 Nxc5 14. Nb3 Ncd3
15. Nd4 Qf6 16. Qe2 c5 17. Nb3 c4 18. Nd4 Nxc1 19. Raxc1 Nd3 20. Rcd1 e5 21.
Nf3 e4 22. Nd4 Qg6 23. Kh1 b5 24. axb5 axb5 25. Nxb5 Rab8 26. Nd4 Rxb2 27. Rd2
Nf4 0-1

[Event "Club Championship 2022 Swiss"]
[Site "Wellington Chess Club"]
[Date "2022.10.20"]
[Round "4.3"]
[White "Brockway, Andrew"]
[Black "Lyall, Gordon"]
[Result "0-1"]
[WhiteElo "1684"]
[BlackElo "1940"]

1. d4 d5 2. c4 e6 3. Nc3 Nf6 4. cxd5 exd5 5. Bg5 Be7 6. e3 h6 7. Bxf6 Bxf6 8.
Bd3 O-O 9. h3 Re8 10. Nf3 c6 11. O-O Nd7 12. Rc1 Nf8 13. b4 a6 14. Qc2 g6 15.
Rfe1 Bg7 16. Ne2 Ne6 17. Ng3 Ng5 18. Nxg5 Qxg5 19. Kh2 h5 20. Ne2 Bd7 21. Nf4
h4 22. Rg1 Bxd4 23. Nxg6 Bxe3 24. Nxh4 Bxc1 25. Nf3 Qf4+ 26. Kh1 Ba3 27. Bh7+
Kh8 28. Qc3+ Kxh7 29. Qxa3 Bf5 30. g3 Qxf3+ 0-1

[Event "Club Championship 2022 Swiss"]
[Site "Wellington Chess Club"]
[Date "2022.10.20"]
[Round "4.4"]
[White "Didar Ali, Azar"]
[Black "Symon, Chris"]
[Result "0-1"]
[WhiteElo "1500"]
[BlackElo "1863"]

1. e4 c5 2. Nf3 Nc6 3. Bc4 d6 4. h3 Nf6 5. d3 g6 6. O-O Bg7 7. c3 O-O 8. Bf4 a6
9. Nbd2 b5 10. Bb3 a5 11. d4 cxd4 12. Nxd4 Nxd4 13. cxd4 Bb7 14. Re1 Nh5 15.
Be3 Rc8 16. Rc1 Rxc1 17. Qxc1 Qa8 18. Qb1 Nf6 19. f3 Nd7 20. a3 Kh8 21. Bd1 f5
22. exf5 Rxf5 23. Be2 b4 24. Bd3 Rf8 25. Be4 e5 26. Bxb7 Qxb7 27. dxe5 Nxe5 28.
Bd4 Qd5 29. Bxe5 Bxe5 30. Rd1 bxa3 31. bxa3 Qd4+ 32. Kh1 Qf4 33. Nf1 Rc8 34.
Qb3 a4 35. Qb7 Rc1 36. Qd5 Rc3 37. Rb1 Rc1 38. Rxc1 Qxc1 39. Qd3 Kg7 40. Kg1
Qc5+ 41. Qe3 Bd4 0-1

[Event "Club Championship 2022 Swiss"]
[Site "Wellington Chess Club"]
[Date "2022.10.20"]
[Round "4.5"]
[White "Webster, Jamie"]
[Black "Katkodia, Ali"]
[Result "1-0"]
[WhiteElo "1702"]
[BlackElo "1500"]

1. e4 d6 2. d4 Nf6 3. Nc3 g6 4. Nf3 Bg7 5. Be2 Nbd7 6. e5 dxe5 7. dxe5 Ng4 8.
e6 fxe6 9. Ng5 Nxf2 10. Kxf2 O-O+ 11. Ke1 Nf6 12. Qxd8 Rxd8 13. Be3 Bd7 14. Rd1
c6 15. Kd2 Nd5 16. Nxd5 exd5 17. Kc1 e5 18. Rhe1 d4 19. Bc4+ 1-0

[Event "Club Championship 2022 Swiss"]
[Site "Wellington Chess Club"]
[Date "2022.10.20"]
[Round "4.6"]
[White "Marney, John"]
[Black "McConnell, Jack"]
[Result "1/2-1/2"]
[WhiteElo "1692"]
[BlackElo "1410"]

1. e4 c5 2. Nf3 e6 3. d4 cxd4 4. Nxd4 Nc6 5. c4 Nf6 6. Nc3 a6 7. Be3 d6 8. Be2
Bd7 9. O-O Qc7 10. Qd2 Rc8 11. Rac1 Na5 12. b3 e5 13. Nc2 b5 14. Nb4 bxc4 15.
Ncd5 Qb7 16. Nxf6+ gxf6 17. Nd5 Nc6 18. Nxf6+ Kd8 19. Nxd7 Qxd7 20. Bxc4 Rg8
21. Bxa6 Rxg2+ 22. Kxg2 Qg4+ 23. Kh1 Qf3+ 24. Kg1 1/2-1/2

[Event "Club Championship 2022 Swiss"]
[Site "Wellington Chess Club"]
[Date "2022.10.20"]
[Round "4.7"]
[White "Keith, Matthew"]
[Black "Hall, Nathan"]
[Result "0-1"]
[WhiteElo "1500"]
[BlackElo "1950"]

1. e4 d6 2. d4 Nf6 3. Nc3 g6 4. Nf3 Bg7 5. Be2 O-O 6. Be3 Nbd7 7. h3 e5 8. O-O
Nh5 9. Qd2 c6 10. d5 c5 11. Nh2 Nf4 12. Bxf4 exf4 13. Qxf4 Ne5 14. Qe3 f5 15.
f4 Nc4 16. Qg3 Bd4+ 17. Kh1 Ne3 18. Rfc1 fxe4 19. Nxe4 Nf5 20. Qb3 Qe7 21. Bd3
c4 22. Bxc4 Qxe4 23. Rf1 Be3 24. Rf3 Qxf4 25. Nf1 Qh4 26. Nxe3 Ng3+ 27. Kg1
Rxf3 28. gxf3 Bxh3 29. Ng2 Bxg2 30. Kxg2 Nf5 31. Rg1 Re8 32. f4 Re3 33. Bf1
Qh3+ 0-1

[Event "Club Championship 2022 Swiss"]
[Site "Wellington Chess Club"]
[Date "2022.10.20"]
[Round "4.8"]
[White "Darr, Samuel"]
[Black "Saglam, Yigit"]
[Result "0-1"]
[WhiteElo "1546"]
[BlackElo "1500"]

1. e4 c6 2. d4 d5 3. e5 c5 4. c3 Nc6 5. Nf3 cxd4 6. cxd4 Bg4 7. Be2 e6 8. O-O
Bb4 9. a3 Ba5 10. b4 Bb6 11. Bb2 Nge7 12. h3 Bxf3 13. Bxf3 Nf5 14. Re1 O-O 15.
Nd2 Bxd4 16. Bxd4 Ncxd4 17. g4 Nxf3+ 18. Nxf3 Ne7 19. Rc1 a6 20. Nd4 Rc8 21.
Qa4 Qb6 22. b5 axb5 23. Nxb5 Ra8 24. Qb4 Nc6 25. Qb1 Ra5 26. Nc3 Qxb1 27. Nxb1
d4 28. f4 g5 29. Rc4 gxf4 30. Kf2 Nxe5 31. Rxd4 Ng6 32. Rb4 Rb8 33. a4 Rd8 34.
Ke2 Re5+ 35. Kf2 Rxe1 36. Kxe1 Rd7 37. Ke2 e5 38. Nc3 Ne7 39. Ne4 Rc7 40. Nf6+
Kh8 41. Kd2 Nc6 42. Rc4 Re7 43. h4 Re6 44. g5 Kg7 45. Ke2 h6 46. Kf3 hxg5 47.
hxg5 Kg6 48. Kg4 Rd6 49. Ne4 Rd4 50. Rxd4 Nxd4 51. Nc5 f3 52. Nd3 f5+ 53. Kg3
e4 54. Nc5 Kxg5 55. Kf2 Kf4 56. a5 e3+ 57. Kf1 Kg3 58. Nd3 Nb3 59. Ke1 Nxa5 60.
Nf2 Nb3 61. Nd3 Nd4 62. Kf1 e2+ 63. Kg1 f2+ 0-1

[Event "Club Championship 2022 Swiss"]
[Site "Wellington Chess Club"]
[Date "2022.10.20"]
[Round "4.9"]
[White "Mangera, Mohammad"]
[Black "Lavender, Ariel"]
[Result "0-1"]
[WhiteElo "1510"]
[BlackElo "1485"]

1. e4 c5 2. Nf3 d6 3. d4 cxd4 4. Nxd4 Nf6 5. Nc3 a6 6. Bc4 e5 7. Nf3 Be7 8. Bg5
Be6 9. Bb3 Nbd7 10. O-O b5 11. Qe2 Nb6 12. Rad1 Nc4 13. Bxc4 Bxc4 14. Qe1 Bxf1
15. Qxf1 Nh5 16. Bxe7 Qxe7 17. Nd5 Qd8 18. c4 b4 19. Nxb4 Nf6 20. Nxe5 Qb6 21.
Ned3 O-O 22. Re1 Rfe8 23. Nd5 Nxd5 24. exd5 Qd4 25. b3 Rxe1 26. Nxe1 Qd2 27.
Nd3 Re8 28. Qb1 Re2 29. g3 Qxa2 30. Qd1 Qc2 31. Qxc2 Rxc2 32. c5 dxc5 33. b4 c4
34. Nc5 Rd2 35. Nxa6 c3 36. Nc5 c2 37. Nb3 Rd1+ 38. Kg2 Rxd5 39. Kf3 Rd1 40. b5
c1=Q 41. Nxc1 Rxc1 42. Ke4 Rb1 43. f4 Rxb5 44. h4 g6 45. g4 f6 46. f5 Rb4+ 47.
Kf3 gxf5 48. gxf5 Rxh4 49. Kg3 Ra4 50. Kf3 h5 51. Kg3 h4+ 52. Kh3 Kh7 53. Kh2
Kh6 54. Kh3 Kg5 55. Kg2 Kg4 56. Kh2 Ra2+ 57. Kh1 Kg3 58. Kg1 Ra1# 0-1

[Event "Club Championship 2022 Swiss"]
[Site "Wellington Chess Club"]
[Date "2022.10.20"]
[Round "4.10"]
[White "Mavaram, Eashan"]
[Black "Loke, Kayden"]
[Result "0-1"]
[WhiteElo "1349"]
[BlackElo "1974"]

1. d4 Nf6 2. Bf4 e6 3. e3 c5 4. Nf3 a6 5. Nbd2 b5 6. Be2 Bb7 7. O-O Nc6 8. Nb3
c4 9. Nc5 Bxc5 10. dxc5 Rc8 11. Bd6 Ne7 12. a4 Ne4 13. axb5 axb5 14. Ra7 Bd5
15. Ne5 Nxc5 16. Bxc5 Rxc5 17. Rxd7 Qc8 18. Ra7 Qb8 19. Rxe7+ Kxe7 20. Qd4 Qc7
21. Qf4 f6 22. Ng6+ hxg6 23. Qxc7+ Rxc7 24. f3 Ra7 25. e4 Bc6 26. b3 cxb3 27.
cxb3 Rha8 28. Kf2 Ra1 29. Bd1 R8a2+ 30. Kg1 b4 31. Be2 Rxf1+ 32. Bxf1 Kd6 33.
Bc4 f5 34. exf5 gxf5 35. h3 Bd5 36. Bd3 Bxb3 37. Bb5 Kc5 38. Bd3 Bc4 0-1

[Event "Club Championship 2022 Swiss"]
[Site "Wellington Chess Club"]
[Date "2022.10.20"]
[Round "4.11"]
[White "Farrington, Lawrence"]
[Black "Hooper, John"]
[Result "1-0"]
[WhiteElo "1600"]
[BlackElo "1247"]

1. e4 e6 2. d4 d5 3. Nc3 Bb4 4. e5 c5 5. a3 Bxc3+ 6. bxc3 Qa5 7. Qd2 Ne7 8. Nf3
Nbc6 9. Bb2 O-O 10. Bd3 h6 11. O-O Nf5 12. Bxf5 exf5 13. Rad1 c4 14. Rfe1 Qb5
15. Rb1 Be6 16. Qc1 a5 17. h3 Qa6 18. Qf4 b5 19. Ra1 a4 20. Bc1 Qc8 21. Bd2 Qd8
22. Rab1 Rb8 23. Qg3 Rb7 24. Kh1 Kh8 25. Ng1 f6 26. Nf3 Qe7 27. Ra1 g5 28. exf6
Qxf6 29. Ne5 f4 30. Qf3 Nxe5 31. Rxe5 Rd8 32. Rae1 Rd6 33. g4 Qg6 34. Qd1 Rbb6
35. f3 Kg7 36. R1e2 Kf6 37. Be1 h5 38. Qd2 hxg4 39. hxg4 Qh6+ 40. Rh2 Qg6 41.
Rh5 Rd7 42. Qh2 Qg8 43. Rh6+ Ke7 44. Qh5 Kd6 45. Qxg5 Qxg5 46. Rxg5 Re7 47. Re5
Kd7 48. Bh4 Re8 49. Kg2 Rc6 50. Rh7+ Kc8 51. Re7 Rxe7 52. Bxe7 Kd7 53. Bg5 Ke8
54. Bxf4 Kf7 55. Kg3 Rc8 56. Re1 Rh8 57. Be5 Rh7 58. f4 Bd7 59. f5 Ke7 60. Re2
Kf7 61. Rh2 Rxh2 62. Kxh2 Ke7 63. Kg3 Kf7 64. Kf4 1-0

[Event "Club Championship 2022 Swiss"]
[Site "Wellington Chess Club"]
[Date "2022.10.20"]
[Round "4.12"]
[White "Carlyle, Mathieson"]
[Black "Kumar, Mahesh"]
[Result "1-0"]
[WhiteElo "1532"]
[BlackElo "1500"]

1. e4 e5 2. Nf3 Nc6 3. Bc4 d6 4. d3 h6 5. Be3 a6 6. c3 b5 7. Bd5 Bb7 8. Qb3 Qf6
9. Bxc6+ Bxc6 10. Nbd2 Qg6 11. O-O Nf6 12. Nh4 Qh5 13. Ndf3 d5 14. exd5 Bxd5
15. c4 Bxf3 16. Nxf3 c6 17. Bb6 e4 18. dxe4 Be7 19. cxb5 cxb5 20. e5 Ne4 21.
Qd5 Qg6 22. Qxa8+ Kd7 23. Rad1+ Ke6 24. Qc6+ Kf5 25. Qd7+ Qe6 26. Nd4+ Kg6 27.
Nxe6 fxe6 28. Qxe7 Kh7 29. Rd7 Rg8 30. Rd8 Rxd8 31. Bxd8 Ng5 32. f4 1-0

[Event "Club Championship 2022 Swiss"]
[Site "Wellington Chess Club"]
[Date "2022.10.20"]
[Round "4.13"]
[White "Shepherd, Blake"]
[Black "Wang, Timothy"]
[Result "1-0"]
[WhiteElo "1497"]
[BlackElo "1500"]

1. d4 Nf6 2. c4 d5 3. g3 e6 4. Bg2 Nc6 5. Nf3 Bd6 6. O-O O-O 7. Nbd2 e5 8. c5
Be7 9. Nxe5 Nxd4 10. b4 Bd7 11. Bb2 Nc6 12. Qb3 Nxe5 13. Bxe5 Be6 14. Rfd1 c6
15. Qc2 b6 16. Ne4 Nxe4 17. Bxe4 bxc5 18. Bxh7+ Kh8 19. bxc5 Qa5 20. Rac1 Bd7
21. Rd4 Bxc5 22. Rh4 Be7 23. Bg8+ 1-0

[Event "Club Championship 2022 Swiss"]
[Site "Wellington Chess Club"]
[Date "2022.10.20"]
[Round "4.14"]
[White "Nazeer, Afique"]
[Black "Hupert, Leo"]
[Result "1-0"]
[WhiteElo "1500"]
[BlackElo "1385"]

1. d4 d5 2. c4 e6 3. Nf3 Nf6 4. Bg5 Be7 5. Nc3 a6 6. e3 h6 7. Bh4 Nc6 8. Be2 g5
9. Bg3 Rg8 10. Ne5 Nxe5 11. Bxe5 Ne4 12. cxd5 Nxc3 13. bxc3 exd5 14. Qc2 Bf6
15. Bxf6 Qxf6 16. Rd1 Bd7 17. c4 Qc6 18. h3 dxc4 19. Bf3 Qa4 20. Qxa4 Bxa4 21.
Rc1 c6 22. Rxc4 Bb5 23. Rc5 O-O-O 24. Be2 Bxe2 25. Kxe2 Rge8 26. Rd1 Rd5 27.
Rxd5 cxd5 28. Rc1+ Kd7 29. g4 b6 30. Rc3 a5 31. a4 Re7 32. Rb3 Kc6 33. Rb5 h5
34. f3 f6 35. Kd3 Rh7 36. e4 dxe4+ 37. Kxe4 hxg4 38. hxg4 Rh3 39. d5+ Kc7 40.
d6+ Kd7 41. Rxb6 f5+ 42. Kxf5 Rxf3+ 43. Kxg5 Ra3 44. Kf6 Rxa4 45. g5 Rf4+ 46.
Kg7 Rb4 47. Ra6 a4 48. g6 Ke6 49. Kg8 Rb8+ 50. Kh7 Rb7+ 51. g7 Kf6 52. d7+ 1-0

[Event "Club Championship 2022 Swiss"]
[Site "Wellington Chess Club"]
[Date "2022.10.20"]
[Round "4.15"]
[White "Qu, Lucas"]
[Black "Ulm, Joy"]
[Result "0-1"]
[WhiteElo "1271"]
[BlackElo "1500"]

1. e4 e6 2. d4 d5 3. exd5 exd5 4. Bd3 Nf6 5. Nc3 Bb4 6. Ne2 O-O 7. O-O Be6 8.
Bf4 c6 9. f3 Bd6 10. Qd2 Re8 11. Rae1 Bxf4 12. Nxf4 Qd6 13. Rf2 Nbd7 14. Rfe2
c5 15. Nxe6 Rxe6 16. Rxe6 fxe6 17. dxc5 Nxc5 18. Bf1 Qb6 19. b3 Nce4+ 20. Qe3
Nxc3 21. Qxb6 axb6 22. a4 Kf7 23. Kf2 Na2 24. c4 Nb4 25. Re5 Nc6 26. Re1 Nd4
27. Re3 Ke7 28. cxd5 Nxd5 29. Re5 Kd6 30. f4 Nxb3 31. Bc4 Nc5 32. Bb5 Nxa4 33.
g3 Ra5 34. Bc4 b5 35. Bd3 g6 36. Re4 Nc5 37. Bc2 Nxe4+ 38. Bxe4 b4 39. Bc2 Ra2
0-1

[Event "Club Championship 2022 Swiss"]
[Site "Wellington Chess Club"]
[Date "2022.10.20"]
[Round "4.16"]
[White "Ulm, Eric"]
[Black "Fairbrother, Rebecca"]
[Result "1-0"]
[WhiteElo "1500"]
[BlackElo "1500"]

1. e4 e5 2. Nf3 Nc6 3. Bb5 a6 4. Ba4 d6 5. d4 f6 6. d5 b5 7. Bb3 Nge7 8. dxc6
Nxc6 9. Bd5 Qd7 10. Bxc6 Qxc6 11. Qd5 Bb7 12. Qxc6+ Bxc6 13. Nc3 Rc8 14. O-O
Bb7 15. Re1 c6 16. a3 d5 17. exd5 Rd8 18. dxc6 Bxc6 19. Rd1 Bd6 20. Nh4 O-O 21.
Nf5 Bc7 22. Rxd8 Rxd8 23. Ne7+ Kf8 24. Nxc6 Rd6 25. Nb4 e4 26. Be3 a5 27. Bc5
f5 28. Nxb5 f4 29. Bxd6+ Bxd6 30. Nxd6 e3 31. fxe3 fxe3 32. Re1 Ke7 33. Nf5+
Kf6 34. Nxe3 1-0

[Event "Club Championship 2022 A"]
[Site "Wellington Chess Club"]
[Date "2022.10.27"]
[Round "5.2"]
[White "Archer, Ollie"]
[Black "Croad, Nic"]
[Result "1-0"]
[WhiteElo "2184"]
[BlackElo "2439"]

1. d4 Nf6 2. c4 g6 3. Nc3 Bg7 4. e4 d6 5. f3 O-O 6. Be3 c5 7. dxc5 dxc5 8. Qxd8
Rxd8 9. Bxc5 Nc6 10. Nd5 Nxd5 11. cxd5 Bxb2 12. Rb1 Bc3+ 13. Kf2 Bd4+ 14. Bxd4
Nxd4 15. Rb4 e5 16. Ne2 a5 17. Rb2 f5 18. Nxd4 exd4 19. Rd2 fxe4 20. fxe4 Kg7
21. Rxd4 Kf6 22. Bb5 Ke5 23. Ke3 Bd7 24. Rb1 Rac8 25. Bd3 Rb8 26. Rb6 Rdc8 27.
Bb5 Rc3+ 28. Rd3 Rxd3+ 29. Bxd3 a4 30. Bb5 Bc8 31. Bxa4 Ra8 32. Bb3 Ra5 33. Kd3
Rc5 34. Bc4 Ra5 35. g3 Ra4 36. h4 Bh3 37. Kc3 Ra7 38. h5 gxh5 39. Rh6 b5 40.
Rxh5+ Kxe4 41. Bd3+ Ke3 42. Rxh3 Rc7+ 43. Kb4 Kxd3 44. Kxb5 Kd4 45. Kb6 Rd7 46.
Kc6 Ra7 47. d6 Ra6+ 48. Kc7 Ra7+ 49. Kb6 Rxa2 50. d7 Ra8 51. Kb7 1-0

[Event "Club Championship 2022 A"]
[Site "Wellington Chess Club"]
[Date "2022.10.27"]
[Round "5.3"]
[White "Ker, Anthony"]
[Black "Pomeroy, Arthur"]
[Result "1-0"]
[WhiteElo "2428"]
[BlackElo "2022"]

1. e4 c5 2. Nc3 g6 3. f4 Bg7 4. Nf3 Nc6 5. Bb5 Nd4 6. O-O Nxb5 7. Nxb5 d5 8.
exd5 a6 9. Nc3 Nf6 10. d4 c4 11. Qe2 b5 12. a4 b4 13. Nd1 Nxd5 14. Qxc4 O-O 15.
Ne3 Nxf4 16. d5 e5 17. dxe6 Nxe6 18. Qxb4 a5 19. Qh4 Ba6 20. Re1 Qc7 21. c3
Rab8 22. Ng4 h5 23. Nf6+ Kh8 24. Re5 Bxf6 25. Qxf6+ Kg8 26. Rxe6 fxe6 27. Qxe6+
Kg7 28. Qxa6 Qc5+ 29. Nd4 Rb6 30. Qd3 Rbf6 31. Be3 Qe5 32. Nf3 Rxf3 33. gxf3
1-0

[Event "Club Championship 2022 A"]
[Site "Wellington Chess Club"]
[Date "2022.10.27"]
[Round "5.4"]
[White "Forster, Bill"]
[Black "Dive, Russell"]
[Result "0-1"]
[WhiteElo "2035"]
[BlackElo "2384"]

1. c4 {I have no effective repertoire with either colour at the moment so I
play random moves. Perhaps not the smartest strategy against an IM and 7 times
NZ Champion.} 1... e5 2. g3 Nc6 3. Bg2 g6 4. Nc3 Bg7 5. d3 Nge7 6. e4 Nd4 7.
Nge2 Nec6 8. O-O d6 9. h3 {It was already clear that I'm not going to get a
good version of the Botvinnik plan with f4 but as Russell pointed out after the
game, there's still no need for this slow idea, giving Black time to launch an
assault} 9... Be6 10. Be3 Qd7 11. Kh2 h5 12. Nd5 h4 13. g4 f5 $2 {Leads to
trouble, Black needs to be a bit more patient (Russell's own words) and castle
(queenside of course) before opening the game} 14. exf5 gxf5 15. Bxd4 Nxd4 16.
Nxd4 exd4 17. gxf5 Bxf5 18. Re1+ Kd8 19. f4 $4 {White took plenty of time over
this lame move. Let the record show that his "reason" for not playing the
obvious Re7 winning more or less routinely was that for some reason (well, the
reason is pretty clear, he has a range of horrible and irredeemable flaws in
his chess thinking this being but one of them) he was fixated on denying Black
the square e5 for his bishop at all costs and so found himself calculating the
nonsense variation Re7 Be5+ f4 Bxf4+ Nxf4 Qxe7 when instead he should have been
noting that he can simply move his King to h1 and let Black deal with the fact
that his queen is for all intents trapped. Russell pointed all this out (well
not the bit about my profound chess limitations, but I'm sure he knows that as
well) immediately after the game. The rest of the game involves White drifting
fatally, not quite knowing what he is going to do, while letting Black take as
much time as he wants to organise his forces. Sigh.} 19... Be6 20. Qe2 Bxd5 21.
Bxd5 c6 22. Be6 Qe7 23. Qg4 Kc7 24. Re2 Raf8 25. Rae1 Qf6 26. Re4 Bh6 27. Rf1
Rh7 28. f5 Bg5 29. b4 Rg7 30. a4 Rh8 31. b5 Be3 32. Qe2 Rg3 {I find to my
surprise that this is still 0.00 as far as the engine is concerned} 33. Rg4 $4
{but not now} 33... Qe5 $1 {Mate in 12 apparently} 34. Kh1 ( {Weirdly I somehow
imagined if} 34. Re4 Rg2+ {then} 35. Kxg2 {was illegal because of double check.
Another one of my problems is even greater inability to think clearly after a
few hours of play in time trouble. But actually that would have been quite a
pretty mate anyway (Russell said he would have chosen the more obvious
34...Rxh3+ Kxh3 Qg3#)} 35... Qg3+ 36. Kh1 Qxh3+ 37. Qh2 Qxf1+ 38. Qg1 Qxg1#) 
34... Rxh3+ 35. Kg2 Qh2# 0-1

[Event "Club Championship 2022 A"]
[Site "Wellington Chess Club"]
[Date "2022.10.27"]
[Round "5.5"]
[White "Cilia Vincenti, David"]
[Black "Van der Hoorn, Thomas"]
[Result "1/2-1/2"]
[WhiteElo "2125"]
[BlackElo "2056"]

1. c4 e6 2. Nc3 d5 3. d4 Nf6 4. cxd5 exd5 5. Bg5 Be7 6. e3 Bf5 7. Bxf6 Bxf6 8.
Qb3 c6 9. Qxb7 Qb6 10. Qxb6 axb6 11. Nf3 Nd7 12. Be2 O-O 13. O-O b5 14. Rfc1
Nb6 15. Nd1 Rfc8 16. b3 b4 17. Nb2 c5 18. Nd3 Bxd3 19. Bxd3 c4 20. Be2 c3 21.
Ne1 Be7 22. Nd3 Ra3 23. Rc2 Rca8 24. Nc1 f5 25. Bd3 g6 26. h3 Kf7 27. g4 Ke6
28. f3 Bf6 29. f4 Nc8 30. Bb5 R8a5 31. gxf5+ gxf5 32. Ba4 Nb6 33. Bc6 Ra7 34.
Rg2 Rg7 35. Rxg7 Bxg7 36. Nd3 Bf8 37. Kf2 Nd7 38. Ne1 Ra6 39. Bb5 Ra5 40. Bd3
Nf6 41. Nc2 Ne4+ 42. Bxe4 dxe4 43. Ke2 Be7 44. Kd1 Ra8 45. Ke2 Ra5 46. Kd1 Ra8
47. Ke2 Ra5 1/2-1/2

[Event "Club Championship 2022 B"]
[Site "Wellington Chess Club"]
[Date "2022.10.27"]
[Round "5.1"]
[White "Ackroyd, William"]
[Black "Perrin, Brent"]
[Result "1-0"]
[WhiteElo "1866"]
[BlackElo "1963"]

1. e4 d5 2. exd5 Qxd5 3. Nc3 Qa5 4. d4 Nf6 5. Nf3 Bf5 6. Bc4 e6 7. Bd2 c6 8.
Qe2 Nbd7 9. Nd5 Qd8 10. Ne3 Bg6 11. a4 Ne4 12. O-O Be7 13. a5 O-O 14. c3 Qc7
15. Ng4 Nxd2 16. Qxd2 Rfd8 17. Qe3 Nf6 18. Nge5 Nd5 19. Qe2 Bh5 20. Rfe1 c5 21.
dxc5 Qxc5 22. Bd3 Nf4 23. Qe4 Nxd3 24. Nxd3 Bg6 25. Nxc5 1-0

[Event "Club Championship 2022 B"]
[Site "Wellington Chess Club"]
[Date "2022.10.27"]
[Round "5.2"]
[White "Malcolm, Leo"]
[Black "Young, Cohen"]
[Result "0-1"]
[WhiteElo "1871"]
[BlackElo "1931"]

1. e4 c6 2. d4 d5 3. Nc3 dxe4 4. Bc4 Nf6 5. f3 exf3 6. Nxf3 Bf5 7. O-O e6 8.
Ne5 Bxc2 9. Qe2 Bg6 10. Bxe6 fxe6 11. Nxg6 hxg6 12. Qxe6+ Be7 13. Bg5 Qd7 14.
Qb3 Na6 15. Rad1 O-O-O 16. d5 Bc5+ 0-1